| 000 | 01212nam a22002897a 4500 | ||
|---|---|---|---|
| 005 | 20240530110618.0 | ||
| 008 | 161206s2015 iy a g b 000 0 ara d | ||
| 017 |
_a1435/5542 _bالسعودية . مكتبة الملك فهد الوطنية |
||
| 020 | _a9786038139448 | ||
| 040 |
_aEG-CaGPL _cEG-CaGPL |
||
| 082 | 0 | 4 |
_221 _a371.90445\ _bى ت |
| 100 | 0 | _aيزيد عبدالهادى الغصاونة . | |
| 245 | 1 | 2 |
_aالتوحد و الفن : _bالنظرية و التطبيق / _cيزيد عبدالهادى الغصاونة ، وائل محمد الشرمان ، فهمى مصطفى البكور . |
| 250 | _aط.1 | ||
| 260 |
_bدار الزهراء ، _c2015 . _aالرياض : |
||
| 300 |
_a176 ص. ؛ _c24 سم . |
||
| 504 | _aببليوجرافية : ص 161 - 173 | ||
| 650 | 0 | 7 |
_2qrmak _aالعلاج بالفن . |
| 650 | 0 | 7 |
_2qrmak _aالاطفال المعوقون . |
| 650 | 0 | 7 |
_2qrmak _aالطفل التوحدى . |
| 650 | 0 | 7 |
_2qrmak _aالتوحد . |
| 651 | _2qrmak | ||
| 700 | 0 |
_aوائل محمد الشرمان _eمؤلف مشارك . |
|
| 700 | 0 |
_aفهمى مصطفى البكور _eمؤلف مشارك . |
|
| 942 |
_2ddc _cBK |
||
| 999 |
_c62999 _d62999 |
||